000 00777nam a22002417i 4500
003 URS
005 20220114152937.0
008 160317b xxu||||| |||| 00| 0 eng d
020 _a9789712360503
040 _erda
_cURSP-College Library
_beng
050 _aDS675.8.R5
_b959.9025092 J78 2011
100 1 _aDe Viana, Augusto V.
245 _aJose Rizal Social Reformer and Patriot:
_bA study of his life and times.
_cAugusto V. De Viana
264 _aManila
_bRex Book Store
_c2011
300 _aiv, 240 pages:
_bcolour illustration;
_c22 cm
336 _atext
_btxt
_2rdacontent
337 _aunmediated
_bn
_2rdamedia
338 _avolume
_bnc
_2rdacarrier
500 _aIncludes references
650 0 _aRizal, Jose Alonzo
700 1 _aHelena Ma. F. Cabrera
942 _2lcc
_cF
999 _c7892
_d7892